Music Quiz

Random Music or Song Quiz

Who Sang It? II Quiz Stats

 Plays Quiz Updated Jul 22, 2018

Score 0/40 Timer 04:00
9 Plays Today
Question Answer Wrong Answers
Oops!...I Did It Again Britney Spears
91.1%
Katy Perry
0.9%
Mariah Carey
0.5%
Lady Gaga
0.5%
...Baby One More Time Britney Spears
90.5%
Katy Perry
0.7%
Mariah Carey
1.1%
Lady Gaga
0.5%
Poker Face Lady Gaga
90%
Katy Perry
1.7%
Britney Spears
0.6%
Mariah Carey
0.4%
Roar Katy Perry
90%
Britney Spears
0.7%
Mariah Carey
0.5%
Lady Gaga
1.7%
Bad Romance Lady Gaga
87.9%
Katy Perry
2.4%
Britney Spears
1.5%
Mariah Carey
0.8%
Toxic Britney Spears
87.1%
Katy Perry
2.4%
Mariah Carey
0.6%
Lady Gaga
2.6%
Born This Way Lady Gaga
86.7%
Katy Perry
2.7%
Britney Spears
2.1%
Mariah Carey
1.1%
Teenage Dream Katy Perry
86%
Britney Spears
4.4%
Mariah Carey
1%
Lady Gaga
1.1%
Last Friday Night (T.G.I.F.) Katy Perry
85.1%
Britney Spears
2.8%
Mariah Carey
1.6%
Lady Gaga
2.7%
Hot n Cold Katy Perry
83.3%
Britney Spears
3.8%
Mariah Carey
2.2%
Lady Gaga
2.9%
Dark Horse Katy Perry
80.3%
Britney Spears
2.1%
Mariah Carey
2.6%
Lady Gaga
6.9%
I'm a Slave 4 U Britney Spears
78.1%
Katy Perry
3.7%
Mariah Carey
4.4%
Lady Gaga
5.4%
The Edge of Glory Lady Gaga
76.3%
Katy Perry
6.9%
Britney Spears
3%
Mariah Carey
5.6%
Womanizer Britney Spears
75.2%
Katy Perry
4.7%
Mariah Carey
4.2%
Lady Gaga
7.6%
Always Be My Baby Mariah Carey
74.6%
Katy Perry
3.1%
Britney Spears
11.1%
Lady Gaga
2.2%
We Belong Together Mariah Carey
69.2%
Katy Perry
9.3%
Britney Spears
8.1%
Lady Gaga
4.5%
Gimme More Britney Spears
65.6%
Katy Perry
7.5%
Mariah Carey
8.4%
Lady Gaga
8.7%
Waking Up in Vegas Katy Perry
65.3%
Britney Spears
10%
Mariah Carey
5.5%
Lady Gaga
9.7%
I'm Not a Girl, Not Yet a Woman Britney Spears
64.5%
Katy Perry
6.5%
Mariah Carey
14.7%
Lady Gaga
4.9%
Just to Hold You Once Again Mariah Carey
61.5%
Katy Perry
7.3%
Britney Spears
13.3%
Lady Gaga
6.7%
Anytime You Need a Friend Mariah Carey
59.4%
Katy Perry
10.1%
Britney Spears
11.1%
Lady Gaga
8.7%
Without You Mariah Carey
58.2%
Katy Perry
11.8%
Britney Spears
11%
Lady Gaga
9%
Million Reasons Lady Gaga
57%
Katy Perry
10.6%
Britney Spears
7.3%
Mariah Carey
15.7%
Peacock Katy Perry
56.8%
Britney Spears
6.5%
Mariah Carey
9.8%
Lady Gaga
17.1%
Marry the Night Lady Gaga
53.1%
Katy Perry
12.7%
Britney Spears
6.8%
Mariah Carey
17.6%
Touch My Body Mariah Carey
51.4%
Katy Perry
5.8%
Britney Spears
25.4%
Lady Gaga
8.5%
Chained to the Rhythm Katy Perry
49.2%
Britney Spears
13%
Mariah Carey
13.2%
Lady Gaga
15.5%
Me Against the Music Britney Spears
48.3%
Katy Perry
9.3%
Mariah Carey
14.1%
Lady Gaga
17.9%
Heartbreaker Mariah Carey
47.1%
Katy Perry
14.4%
Britney Spears
19.4%
Lady Gaga
9%
Beautiful, Dirty, Rich Lady Gaga
45.7%
Katy Perry
10.2%
Britney Spears
20.5%
Mariah Carey
13.2%
Boy (I Need You) Mariah Carey
44.7%
Katy Perry
12.5%
Britney Spears
24%
Lady Gaga
8%
All in Your Mind Mariah Carey
44.7%
Katy Perry
14.3%
Britney Spears
14.8%
Lady Gaga
14.8%
Till the World Ends Britney Spears
43.6%
Katy Perry
12.4%
Mariah Carey
19.1%
Lady Gaga
14.9%
Dance in the Dark Lady Gaga
40.2%
Katy Perry
18.8%
Britney Spears
12.8%
Mariah Carey
17.5%
Hummingbird Heartbeat Katy Perry
36.5%
Britney Spears
9.4%
Mariah Carey
29.8%
Lady Gaga
13.5%
Born to Make You Happy Britney Spears
34.3%
Katy Perry
8.5%
Mariah Carey
28.6%
Lady Gaga
18.2%
So Happy I Could Die Lady Gaga
28.3%
Katy Perry
17.4%
Britney Spears
14.5%
Mariah Carey
28.7%
Til It Happens to You Lady Gaga
26.4%
Katy Perry
13.3%
Britney Spears
16.7%
Mariah Carey
32.7%
By the Grace of God Katy Perry
21.5%
Britney Spears
7.7%
Mariah Carey
42.7%
Lady Gaga
17.5%
I'm That Chick Mariah Carey
21%
Katy Perry
28.4%
Britney Spears
25.8%
Lady Gaga
13.6%

You're not logged in!

Compare scores with friends on all Sporcle quizzes.
OR
Log In

Sporcle TV

Today on Sporcle TV


Watch our educational content, quiz creation guides, and fun videos on Sporcle TV.

Show Comments

Extras

Top Quizzes Today


Score Distribution

Your Account Isn't Verified!

In order to create a playlist on Sporcle, you need to verify the email address you used during registration. Go to your Sporcle Settings to finish the process.

Report this User

Report this user for behavior that violates our Community Guidelines.

Details: